00563 2200205 4500001002100000008004100021035002000062245006000082100001900142260004000161300002100201084001600222082001100238650001300249990001900262990001900281990001900300990001900319990001900338INLIS000000000000459 ind  a0010-0625000127 aSyekh Ibrahim Musa, Sang Ulama PenggerakcKhairul jasmi aJasmi, Khairul aJakarta.bRepublika penerbit,c2022 a184 hlm.c23 cm. a923.2 NUR m a297.61 aBiografi a2103/MP.H/2022 a2104/MP.H/2022 a2105/MP.H/2022 a2106/MP.H/2022 a2166/MP.H/2022